| 000 | 00982nam a2200205Ia 4500 | ||
|---|---|---|---|
| 003 | Ost | ||
| 005 | 20260507075021.0 | ||
| 008 | 260507s9999||||xx |||||||||||||| ||und|| | ||
| 040 | _cfsecg | ||
| 041 | _aara | ||
| 100 | _eمؤلف | ||
| 245 | 0 | _aالعولمة والهوية الثقافية / | |
| 260 |
_aالقاهرة: _bالمجلس الاعلي للثقافة, _c[دون تاريخ] |
||
| 300 |
_a922 صفحة؛ _c25 سم |
||
| 490 |
_aأبحاث المؤتمرات _v7 |
||
| 520 | _aالعولمة - الكوكبة - الهوية الوطنية - الهوية الثقافية- أزمة الهوية- العولمة والهوية- العنف الثقافي للعولمة- العولمة وآليات التهميش في الثقافة العربية- العولمة والتداعياتها الإقتصادية والثقافية- العرب ومخاوف العولمة | ||
| 653 | _aالثقافة العربية | ||
| 653 | _aالعولمة | ||
| 942 | _cكتاب | ||
| 999 |
_c42280 _d42280 |
||